[Event "Deutsche Einzelmeisterschaft 1997"] 
[Site "Gladenbach"]  
[Date "1997.11.22"] 
[Round "6"]
[White "Zude,E"]
[Black "Rabiega,R"]
[Result "0-1"] 
[WhiteElo "2365"]
[BlackElo "2490"]

1.d4 d5 2.c4 e6 3.Nc3 Nf6 4.Nf3 Nbd7 5.g3 c6 6.Bg2 a6 7.0-0 dxc4 8.e4 Bb4
9.e5 Nd5 10.Ne4 b5 11.Bd2 Be7 12.Bg5 0-0 13.b3 c3 14.Qc2 b4 15.Rfe1 h6
16.Bxe7 Qxe7 17.a3 c5 18.Nd6 Rb8 19.dxc5 Nxc5 20.Nd4 Qc7 21.axb4 Rxb4
22.Red1 Nd7 23.Nxf7 Rxf7 24.Nxe6 Qxe5 25.Bxd5 Nb6 26.Nf4 Nxd5 27.Rxd5 Qf6
28.Rc5 Bb7 29.Qxc3 Rxf4 30.gxf4 Qg6+ 31.Qg3 Qe4 32.Kf1 Rxf4 33.Rc4 Qh1+
34.Qg1 Qd5 35.Rxf4 Qd3+ 36.Ke1 Qc3+ 37.Ke2 Qe5+ 38.Kd3 Qxf4 39.Re1 Qb4
40.Re8+ 0-1

[Event "Deutsche Einzelmeisterschaft 1997"] 
[Site "Gladenbach"]  
[Date "1997.11.22"] 
[Round "6"]
[White "Holzhaeuer,M"]
[Black "Schmaltz,R"] 
[Result "0-1"] 
[WhiteElo "2355"]
[BlackElo "2445"]

1.e4 d6 2.d4 Nf6 3.Nc3 Nbd7 4.Nf3 e5 5.Bc4 Be7 6.Ng5 0-0 7.Bxf7+ Rxf7 8.Ne6
Qe8 9.Nxc7 Qd8 10.Nxa8 b5 11.dxe5 dxe5 12.Nxb5 Qa5+ 13.Nc3 Ba6 14.Bd2 Bc5
15.Qf3 Ne8 16.Qg4 Bxf2+ 17.Kd1 Nf8 18.Nd5 Qd8 19.c4 Qxa8 20.Rc1 Nd6 21.b3
Bc8 22.Qe2 Ne6 23.Bb4 Nd4 24.Qh5 Nxe4 25.h3 Nc6 26.Rf1 Be6 0-1

[Event "Deutsche Einzelmeisterschaft 1997"] 
[Site "Gladenbach"]  
[Date "1997.11.22"] 
[Round "6"]
[White "Miltner,A"]
[Black "Buhr,C"] 
[Result "0-1"] 
[WhiteElo "2410"]
[BlackElo "2340"] 

1.d4 c5 2.d5 Nf6 3.Nc3 e5 4.e4 d6 5.Nf3 Be7 6.Bd3 0-0 7.h3 Ne8 8.Qe2 Kh8
9.g4 a6 10.a4 b6 11.Nd1 Ra7 12.c4 Bd7 13.Ne3 Nc7 14.h4 Rb7 15.g5 b5 16.b3
bxa4 17.bxa4 a5 18.Kf1 Nca6 19.Bd2 Nb4 20.Bb1 Be8 21.h5 Nd7 22.Nf5 Nb6
23.Ra3 g6 24.Nxe7 Qxe7 25.Kg2 Nxa4 26.Nh2 gxh5 27.Qxh5 f5 28.Qh6 f4 29.Ng4
Rg8 30.Qf6+ Qxf6 31.Nxf6 Rxg5+ 32.Kf3 Nb6 33.Nxe8 Nxc4 34.Nxd6 Nxd2+ 35.Ke2
Nxb1 36.Rxa5 Rd7 37.Ra8+ Rg8 38.Rxg8+ Kxg8 39.Nb5 Rb7 40.Nd6 Nc3+ 0-1

[Event "Deutsche Einzelmeisterschaft 1997"] 
[Site "Gladenbach"]  
[Date "1997.11.22"] 
[Round "6"]
[White "Schaller,S"]
[Black "Bode,W"]
[Result "0-1"] 
[WhiteElo "2315"]
[BlackElo "2400"]

1.c4 b6 2.Nc3 Bb7 3.e4 e6 4.a3 c5 5.Nf3 Nf6 6.e5 Ne4 7.Nxe4 Bxe4 8.d4 cxd4
9.Nxd4 Nc6 10.Nxc6 Bxc6 11.Qg4 h5 12.Qf4 h4 13.Bd2 h3 14.Qg3 Qh4 15.0-0-0
Rc8 16.Bc3 Bc5 17.f3 hxg2 18.Bxg2 g6 19.b3 Bxa3+ 20.Kc2 Bc5 21.Be1 g5
22.Qxh4 gxh4 23.Rd3 a5 24.h3 Ke7 25.Bf1 Rcg8 26.Kd1 Rg5 27.Bc3 Rf5 28.Ke2
Rg8 29.Rh2 Rg3 30.Kd2 Bxf3 31.Ke1 Be4 32.Rxg3 hxg3 33.Re2 Bd3 34.Rd2 Rxf1#
0-1

[Event "Deutsche Einzelmeisterschaft 1997"] 
[Site "Gladenbach"]  
[Date "1997.11.22"] 
[Round "6"]
[White "Lampe,D"]
[Black "Zude,A"] 
[Result "0-1"] 
[WhiteElo "2295"]
[BlackElo "2395"]

1.e4 e5 2.Nf3 Nc6 3.Nc3 Nf6 4.Bb5 Bb4 5.0-0 0-0 6.d3 Bxc3 7.bxc3 d6 8.Bg5
Qe7 9.Re1 Nd8 10.d4 c6 11.Bf1 Bg4 12.h3 Bh5 13.g4 Bg6 14.Bh4 Qc7 15.dxe5
dxe5 16.Bxf6 gxf6 17.Qc1 Ne6 18.Qh6 Nf4 19.h4 Qd7 20.Nh2 Qd2 21.g5 fxg5
22.Rad1 Qxc3 23.Re3 Qc5 24.Ng4 Qe7 25.Rd7 Qe6 26.Rg3 Kh8 27.Rxb7 Nh5 28.Qxg5
Nxg3 29.fxg3 f6 30.Qh6 Rf7 31.Rxf7 Qxf7 32.Bd3 Qg7 33.Qe3 Bf7 34.Nh6 Be6
35.Kh2 Rb8 36.a4 c5 37.Bb5 c4 38.Kg1 a6 39.Bxa6 Rb2 40.Qc1 Qxg3+ 0-1

[Event "Deutsche Einzelmeisterschaft 1997"] 
[Site "Gladenbach"]
[Date "1997.11.22"] 
[Round "6"]
[White "Bastian,H"]
[Black "Kersten,U"] 
[Result "0-1"] 
[WhiteElo "2375"]
[BlackElo "2330"]

1.e4 e6 2.d4 d5 3.e5 c5 4.c3 Nc6 5.Nf3 Qb6 6.a3 Bd7 7.b4 cxd4 8.cxd4 Rc8
9.Be3 Nh6 10.Bxh6 gxh6 11.Be2 Bg7 12.0-0 f6 13.b5 Nxd4 14.Nxd4 fxe5 15.Bh5+
Ke7 16.Ne2 e4 17.Nbc3 Bxc3 18.Nxc3 Rxc3 19.Qd2 Qc5 20.Qxh6 Qd4 21.a4 Qf6
22.Qd2 Rhc8 23.Rae1 R8c4 24.Qa2 Qd4 25.Ra1 Rc5 26.Rad1 Qe5 27.Qe2 Qg5 28.Kh1
Rc2 29.f4 Qh4 30.Rd2 Rxd2 31.Qxd2 Qxh5 32.f5 exf5 33.Qd4 b6 34.Qe5+ Be6
35.Qb8 Qe2 36.Qxa7+ Bd7 37.Rg1 Qd2 38.Qb8 Qb2 39.Qxb6 Rc1 40.Qh6 Rxg1+
41.Kxg1 Qd4+ 42.Kf1 e3 43.Qxh7+ Kd8 44.Qg8+ Kc7 45.Qg3+ f4 46.Qf3 Qa1+
47.Ke2 Bg4 0-1

[Event "Deutsche Einzelmeisterschaft 1997"] 
[Site "Gladenbach"]  
[Date "1997.11.22"] 
[Round "6"]
[White "Oswald,H"]
[Black "Seger,R"] 
[Result "1/2-1/2"] 
[WhiteElo "2330"]
[BlackElo "2340"]

1.Nf3 Nf6 2.c4 g6 3.Nc3 c5 4.g3 Bg7 5.Bg2 0-0 6.0-0 Nc6 7.d4 cxd4 8.Nxd4 d6
9.b3 Bd7 10.Bb2 Nxd4 11.Qxd4 1/2-1/2

[Event "Deutsche Einzelmeisterschaft 1997"] 
[Site "Gladenbach"]
[Date "1997.11.22"] 
[Round "6"]
[White "Puth,D"]
[Black "Walter,G"] 
[Result "0-1"] 
[WhiteElo "2300"]
[BlackElo "2305"]

1.d4 d5 2.c4 e6 3.Nc3 a6 4.cxd5 exd5 5.Nf3 Be7 6.Bf4 Nf6 7.e3 Bf5 8.Ne5 c6
9.Be2 Nbd7 10.0-0 0-0 11.Kh1 Re8 12.Rc1 Rc8 13.Na4 Nxe5 14.Bxe5 Nd7 15.Bg3
Bh4 16.b4 Bxg3 17.hxg3 Nf6 18.Nc5 Rb8 19.a4 h5 20.Bxh5 g6 21.Be2 Kg7 22.Kg1
Qc8 23.b5 axb5 24.axb5 Re7 25.Qb3 Qh8 26.f3 Rbe8 27.Rc3 Qh6 28.Kf2 b6 29.Na6
c5 30.Rd1 c4 31.Qa3 Bd3 32.Rcxd3 cxd3 33.Rxd3 Rd7 34.Qc3 Qh2 35.Qc6 Re6
36.Qc8 Rde7 37.Qb8 Re8 38.Qf4 Ne4+ 39.fxe4 dxe4 40.d5 Rf6 41.Qxf6+ Kxf6
42.Rd4 Rd8 43.Nb4 Rd6 44.Rxe4 Qh1 45.Bf1 Kg7 46.Be2 Qa1 47.g4 g5 48.Rd4 Rf6+
49.Bf3 Qb2+ 50.Kg3 Qc1 51.Kf2 Qc5 52.Nc6 Qc2+ 53.Kg3 Qc1 54.Kf2 Rh6 55.Rd1
Qc2+ 56.Kg3 Qh7 57.d6 Rxd6 58.Kf2 Qc2+ 59.Ke1 Qc3+ 60.Kf2 Qb2+ 61.Kg3 Rxd1
62.Bxd1 Qxb5 63.Nd4 Qe5+ 64.Kf3 b5 65.Kf2 b4 66.Bb3 Qc5 67.Kf3 Qc1 68.Kf2
Qd2+ 69.Kf3 Kf6 70.Nc2 Ke5 71.Nd4 f6 72.Ba4 Qe1 73.Bc2 Qf1+ 74.Kg3 Kd5
75.Ba4 Ke4 76.Nf5 Qe1+ 77.Kh2 Kd3 78.Bb5+ Kc3 79.Ne7 b3 0-1

[Event "Deutsche Einzelmeisterschaft 1997"] 
[Site "Gladenbach"]
[Date "1997.11.22"] 
[Round "6"]
[White "Paehtz,T,jr"]
[Black "Dobierzin,O"] 
[Result "0-1"] 
[WhiteElo "2135"]
[BlackElo "2180"]

1.e4 c5 2.Nf3 Nc6 3.d4 cxd4 4.Nxd4 g6 5.c4 Bg7 6.Be3 d6 7.Nc3 Nf6 8.Be2 0-0
9.0-0 Bd7 10.Nc2 Rc8 11.f3 Na5 12.b3 Ng4 13.Bd2 Qb6+ 14.Kh1 Nf2+ 15.Rxf2
Qxf2 16.Be3 Qh4 17.g3 Qf6 18.Nd5 Qe6 19.Nf4 Qe5 20.Nd3 Qf6 21.Bd4 e5 22.Bxa7
Nc6 23.Bb6 Nd4 24.Ne3 Qe6 25.c5 Nxe2 26.Qxe2 Bb5 27.b4 dxc5 28.bxc5 Ra8
29.Qd2 Bxd3 30.Qxd3 Rxa2 31.Rd1 Qh3 32.Nc2 h5 33.Qb3 Rfa8 34.Bc7 R8a3 35.Qc4
Rxf3 36.Kg1 Rf2 37.Kxf2 Qxh2+ 38.Kf3 Rxc2 39.Qf1 h4 0-1

[Event "Deutsche Einzelmeisterschaft 1997"] 
[Site "Gladenbach"]
[Date "1997.11.23"] 
[Round "7"]
[White "Wahls,M"]
[Black "Gutman,L"]
[Result "1/2-1/2"] 
[WhiteElo "2595"]
[BlackElo "2475"]

1.e4 c5 2.Nf3 d6 3.d4 cxd4 4.Nxd4 Nf6 5.Nc3 a6 6.f4 Qc7 7.Qf3 g6 8.Be3 Bg7
9.h3 Nc6 10.0-0-0 Bd7 11.g4 Rc8 12.Kb1 h6 13.Be2 g5 14.Nf5 Bxf5 15.exf5 gxf4
16.Qxf4 b5 17.Rd2 Qa5 18.Rhd1 Ne5 19.Nd5 Nc4 20.Bxc4 Rxc4 21.Qf3 Nxd5
22.Rxd5 0-0 23.Bd4 Bxd4 24.R5xd4 Rfc8 25.f6 Rxd4 26.Rxd4 Qc7 27.c3 Re8 28.g5
hxg5 29.Qe3 Qc5 30.fxe7 Qf5+ 31.Kc1 d5 32.h4 f6 33.hxg5 fxg5 34.Rd2 b4
35.Rf2 Qg4 36.Rf1 bxc3 37.bxc3 d4 38.Qd3 Qe6 39.Qxd4 Rxe7 40.Qd8+ Kg7
41.Qd4+ Qe5 42.Kd2 1/2-1/2

[Event "Deutsche Einzelmeisterschaft 1997"] 
[Site "Gladenbach"]  
[Date "1997.11.23"] 
[Round "7"]
[White "Kindermann,S"]
[Black "Lutz,C"] 
[Result "0-1"] 
[WhiteElo "2570"]
[BlackElo "2590"]

1.e4 c5 2.Nf3 d6 3.d4 cxd4 4.Nxd4 Nf6 5.Nc3 a6 6.g3 e5 7.Nde2 Nbd7 8.Bg2 b5
9.h3 Bb7 10.0-0 Be7 11.g4 b4 12.Nd5 Nxd5 13.exd5 0-0 14.Ng3 Re8 15.a3 bxa3
16.Rxa3 Nb6 17.Rb3 Bc8 18.f4 exf4 19.Bxf4 Bd7 20.Re1 Rc8 21.Nh5 Bf8 22.Rxe8
Bxe8 23.Qd4 Na4 24.c4 Rb8 25.Rxb8 Qxb8 26.Qe3 Qb6 27.Qxb6 Nxb6 28.b3 f5
29.Ng3 fxg4 30.hxg4 Bd7 31.Bf3 Be7 32.Ne4 Nc8 33.Kf2 a5 34.Ke2 a4 35.bxa4
Bxa4 36.Kd3 h6 37.Kd4 Kf7 38.Kc3 Bd7 39.Kd4 0-1

[Event "Deutsche Einzelmeisterschaft 1997"] 
[Site "Gladenbach"]  
[Date "1997.11.23"] 
[Round "7"]
[White "Bischoff,K"]
[Black "Mueller,K"] 
[Result "1/2-1/2"] 
[WhiteElo "2535"]
[BlackElo "2505"]

1.d4 d5 2.c4 c6 3.Nc3 Nf6 4.e3 e6 5.Nf3 Nbd7 6.Qc2 Bd6 7.Be2 0-0 8.b3 e5
9.Bb2 e4 10.Nd2 Re8 11.cxd5 cxd5 12.Nb5 Nb8 13.Nxd6 Qxd6 14.h3 Nc6 15.0-0
Bf5 16.Qc5 Qd7 17.Ba3 Rad8 18.Kh2 Qc7+ 19.Kg1 Qd7 20.Kh2 h5 21.Rfc1 Re6
22.b4 a6 23.b5 axb5 24.Qxb5 Qc7+ 25.Kg1 Nh7 26.Rab1 Rd7 27.Nc4 Bxh3 28.Ne5
Rxe5 29.dxe5 Ng5 30.Rxc6 Qxe5 31.Rd6 Rxd6 32.Bxd6 Qxd6 33.Qxb7 Qg6 34.Qb8+
Kh7 35.gxh3 d4 36.exd4 e3 37.fxe3 Qe4 38.Rb3 Qh4 39.Qb7 Qe1+ 40.Bf1 Qg3+
41.Qg2 Nxh3+ 42.Kh1 Nf2+ 43.Kg1 Nh3+ 1/2-1/2

[Event "Deutsche Einzelmeisterschaft 1997"] 
[Site "Gladenbach"]  
[Date "1997.11.23"] 
[Round "7"]
[White "Keitlinghaus,L"]
[Black "Maiwald,J"] 
[Result "1/2-1/2"] 
[WhiteElo "2525"]
[BlackElo "2450"]

1.e4 c6 2.d4 d5 3.exd5 cxd5 4.Bd3 Nc6 5.c3 Qc7 6.h3 Nf6 7.Nf3 g6 8.0-0 Bg7
9.Re1 0-0 10.Bg5 Bf5 11.Bxf5 gxf5 12.Bxf6 Bxf6 13.Nbd2 e6 14.Nb3 Kh8 15.Nc1
Rg8 16.Nd3 Rg7 17.Kh1 Rag8 18.Rg1 Be7 19.Qe2 Bd6 1/2-1/2

[Event "Deutsche Einzelmeisterschaft 1997"] 
[Site "Gladenbach"]
[Date "1997.11.23"] 
[Round "7"]
[White "Schmaltz,R"]
[Black "Slobodjan,R"] 
[Result "1-0"] 
[WhiteElo "2445"]
[BlackElo "2550"]

1.e4 e5 2.Nf3 Nc6 3.Nc3 Nf6 4.g3 Bc5 5.Bg2 d6 6.d3 a6 7.0-0 0-0 8.h3 Nd4
9.Nxd4 Bxd4 10.Kh2 Nd7 11.Ne2 Ba7 12.f4 exf4 13.gxf4 f5 14.Ng3 fxe4 15.dxe4
Qh4 16.Nf5 Qd8 17.Qg4 Qf6 18.Bd2 d5 19.Rad1 Nb8 20.Qe2 dxe4 21.Nxg7 Qxg7
22.Bxe4 Rf6 23.Bc3 Qf8 24.Bd5+ Kh8 25.Qe8 Kg7 26.Qxf8+ Kxf8 27.Bxf6 c6
28.Be4 Nd7 29.Bd4 Bxd4 30.Rxd4 Nf6 31.Bd3 Be6 32.Re1 Bd5 33.c4 1-0

[Event "Deutsche Einzelmeisterschaft 1997"] 
[Site "Gladenbach"]
[Date "1997.11.23"] 
[Round "7"]
[White "Bode,W"]
[Black "Luther,T"]
[Result "0-1"] 
[WhiteElo "2400"]
[BlackElo "2525"]

1.b3 d5 2.Bb2 Nf6 3.Nf3 Bg4 4.e3 Nbd7 5.Be2 Bxf3 6.Bxf3 e5 7.g3 Bd6 8.d3 Qe7
9.a3 e4 10.Bg2 Be5 11.d4 Bd6 12.c4 c6 13.Nc3 h5 14.h3 a6 15.c5 Bc7 16.Kd2 h4
17.g4 Nh7 18.f4 exf3 19.Qxf3 Ng5 20.Qe2 Rh6 21.Qd3 Re6 22.Bc1 Nf6 23.Kc2
Nfe4 24.Nxe4 Nxe4 25.Bxe4 Rxe4 26.Bd2 Qe6 27.Rhf1 Kf8 28.Rf3 Re8 29.Raf1 Re7
30.Kb2 Kg8 31.Kc2 Bg3 32.Kb2 Qc8 33.Kc2 Qe8 34.Kb2 Qc8 35.Kc2 Qe8 36.Kb2 Bc7
37.Kb1 Rd7 38.Kb2 Bd8 39.Rc1 Bg5 40.Rc3 Rde7 41.Bc1 R7e6 42.b4 Qe7 43.a4 Rf6
44.Qf1 Ree6 45.b5 axb5 46.axb5 cxb5 47.Rb3 b4 48.Qg2 Re4 49.Rxf6 gxf6 50.Qf3
Qc7 51.Rxb4 Qg3 52.Qd1 Bxe3 0-1

[Event "Deutsche Einzelmeisterschaft 1997"] 
[Site "Gladenbach"]
[Date "1997.11.23"] 
[Round "7"]
[White "Heinemann,T"]
[Black "Rabiega,R"] 
[Result "1-0"] 
[WhiteElo "2450"]
[BlackElo "2490"]

1.e4 e5 2.Nf3 Nf6 3.Nc3 Nc6 4.d4 exd4 5.Nxd4 Bb4 6.Nxc6 bxc6 7.Bd3 d5 8.exd5
cxd5 9.0-0 0-0 10.Bg5 c6 11.Qf3 Bd6 12.h3 Rb8 13.Na4 h6 14.Bxf6 Qxf6 15.Qxf6
gxf6 16.b3 c5 17.Rad1 Be6 18.c4 dxc4 19.Bxc4 Bxc4 20.bxc4 Rfd8 21.Rd5 Be5
22.Nxc5 Rxd5 23.cxd5 Rb5 24.Rc1 Bd4 25.Ne4 Rxd5 26.Rd1 Kf8 27.Kf1 Ke7 28.g4
Ke6 29.Ng3 Be5 30.Rxd5 Kxd5 31.Nf5 Bf4 32.Ke2 Kc4 33.Kf3 Bc1 34.Ke4 a5 35.f4
Kb4 36.Nxh6 Ka3 37.Nxf7 Kxa2 38.h4 a4 39.h5 a3 40.h6 Kb1 41.h7 a2 42.h8Q a1Q
43.Qb8+ Bb2 44.Qb7 Qa4+ 45.Kf5 Qa5+ 46.Kg6 Qa4 47.Qf3 Qe8 48.Qd1+ Ka2
49.Qd5+ Ka1 50.Kh7 Qa4 51.Qf5 Qe8 52.Kg7 Qe7 53.Qa5+ Kb1 54.Kg6 Qe8 55.Qd5
Ka1 56.Qc4 Qd7 57.Qe2 Qc8 58.Qe1+ Ka2 59.Qa5+ Ba3 60.Qd5+ Ka1 61.Qd1+ Ka2
62.Kxf6 Bb2+ 63.Ne5 Qf8+ 64.Kg5 Qe7+ 65.Kg6 Qe8+ 66.Kf5 Qf8+ 67.Ke4 Qb4+
68.Kf3 Qb7+ 69.Kg3 Qe4 70.Nd3 Qe3+ 71.Qf3 Qg1+ 72.Kh3 1-0

[Event "Deutsche Einzelmeisterschaft 1997"] 
[Site "Gladenbach"]  
[Date "1997.11.23"] 
[Round "7"]
[White "Buhr,C"]
[Black "Schmittdiel,E"]
[Result "0-1"] 
[WhiteElo "2340"]
[BlackElo "2450"]

1.d4 e6 2.c4 Nf6 3.Nf3 c5 4.Nc3 cxd4 5.Nxd4 Nc6 6.g3 Bc5 7.Nb3 Be7 8.Bg2 0-0
9.0-0 d6 10.Nd4 Bd7 11.b3 a6 12.Bb2 Rc8 13.Rc1 Qb6 14.Nxc6 Bxc6 15.Bxc6 Qxc6
16.Qd3 Rfd8 17.Rfd1 Rb8 18.f3 h6 19.e4 Qe8 20.Kg2 b5 21.Qd4 Qf8 22.Rd2 Rdc8
23.Nd1 bxc4 24.Rxc4 d5 25.exd5 Nxd5 26.Rxc8 Rxc8 27.Qf2 a5 28.Bd4 Bb4 29.Rc2
Rd8 30.Bc5 Bxc5 31.Rxc5 Nb4 32.Nb2 Nxa2 33.Rxa5 Nc1 34.Rb5 Qd6 35.Rb6 Qd2
36.Nc4 Qc3 37.Qe3 Nd3 38.Kh3 Qc2 39.Ne5 Nf2+ 40.Kh4 Nd1 41.Qg1 Qf5 0-1

[Event "Deutsche Einzelmeisterschaft 1997"] 
[Site "Gladenbach"]  
[Date "1997.11.23"] 
[Round "7"]
[White "Zude,A"]
[Black "Kersten,U"] 
[Result "1/2-1/2"] 
[WhiteElo "2395"]
[BlackElo "2330"]

1.e4 c5 2.Nf3 d6 3.d4 cxd4 4.Nxd4 Nf6 5.Nc3 a6 6.a4 b6 7.f4 Qc7 8.Bd3 g6
9.Nf3 Nbd7 10.0-0 Bg7 11.Qe1 Bb7 12.Bd2 Nc5 13.Kh1 0-0 14.f5 d5 15.exd5 Nxd3
16.cxd3 Nxd5 17.fxg6 hxg6 18.Qh4 Nf6 19.Bh6 Qd7 20.Ne5 Qd6 21.Rae1 Rad8
22.Re3 Qd4 23.Qxd4 Rxd4 24.Bxg7 Kxg7 25.Kg1 Rb4 26.Rf2 Rd8 1/2-1/2

[Event "Deutsche Einzelmeisterschaft 1997"] 
[Site "Gladenbach"]
[Date "1997.11.23"] 
[Round "7"]
[White "Gietl,T"]
[Black "Miltner,A"] 
[Result "1-0"] 
[WhiteElo "2300"]
[BlackElo "2410"]

1.e4 d6 2.d4 Nf6 3.Nc3 Nbd7 4.f4 e5 5.Nf3 exd4 6.Qxd4 c6 7.Be3 d5 8.exd5 Bc5
9.Qd3 0-0 10.0-0-0 cxd5 11.Nd4 a6 12.Be2 Re8 13.Bf3 Nb6 14.Rhe1 Qc7 15.Kb1
Bg4 16.Bc1 Bxd4 17.Qxd4 Bxf3 18.gxf3 Rxe1 19.Rxe1 Qc6 20.h4 h6 21.f5 Rc8
22.Rg1 Kh7 23.Rg2 Re8 24.Qg1 Nh5 25.Be3 Qf6 26.Bd4 Re5 27.Re2 Nd7 28.Bxe5
Nxe5 29.Nxd5 Qxf5 30.f4 Ng6 31.Qd1 Qg4 32.Re1 Qxd1+ 33.Rxd1 Nxh4 34.Rd4 g5
35.fxg5 hxg5 36.Rb4 Kg6 37.Ne3 Nf6 38.Rb6 Kg7 39.Rxb7 Nf3 40.c4 g4 41.Rb6
Nd4 42.c5 g3 43.Rd6 Ng4 44.Ng2 Nf5 45.Rd5 Kf6 46.c6 Nge3 47.c7 1-0

[Event "Deutsche Einzelmeisterschaft 1997"] 
[Site "Gladenbach"]
[Date "1997.11.23"] 
[Round "7"]
[White "Walter,G"]
[Black "Zude,E"] 
[Result "1/2-1/2"] 
[WhiteElo "2305"]
[BlackElo "2365"]

1.d4 Nf6 2.c4 g6 3.Nc3 Bg7 4.e4 d6 5.h3 0-0 6.Be3 e5 7.d5 Na6 8.Bd3 c6
9.Nge2 cxd5 10.cxd5 Nc5 11.Bc2 a5 12.0-0 Bd7 13.a4 Rc8 14.Qd2 Qb6 15.Rfb1
Qb4 16.f3 Ne8 17.Nc1 f5 18.N1a2 Qb6 19.b4 axb4 20.Rxb4 Qc7 21.Rab1 Nf6
22.Kh2 fxe4 23.fxe4 Nh5 24.Nb5 Bxb5 25.Rxb5 Qd8 26.Rxc5 dxc5 27.Bd1 Nf6
28.Nc3 b6 29.Bf3 h5 30.Rb5 Ne8 31.Qb2 Nd6 32.Rb3 Kh7 33.Be2 Rb8 34.a5 bxa5
35.Bxc5 Rxb3 36.Qxb3 Qc7 37.Qa3 Rc8 38.Bxd6 Qxc3 39.Qxc3 Rxc3 40.Be7 Kg8
41.Bb5 Bf8 42.Bd8 Rc8 43.Bh4 Bd6 44.Be1 Rc5 45.Be8 Kg7 46.Kg3 Rc8 47.Bc6 Bb4
48.Bf2 Rf8 49.Bb6 h4+ 50.Kh2 Be1 51.Bc7 Bg3+ 52.Kg1 a4 53.d6 Bf2+ 54.Kh2 a3
55.Bd5 Bg3+ 56.Kg1 Bf2+ 57.Kh2 1/2-1/2

[Event "Deutsche Einzelmeisterschaft 1997"] 
[Site "Gladenbach"]
[Date "1997.11.23"] 
[Round "7"]
[White "Seger,R"]
[Black "Schaller,S"] 
[Result "1-0"] 
[WhiteElo "2340"]
[BlackElo "2315"]

1.e4 c6 2.d4 d5 3.Nc3 dxe4 4.Nxe4 Bf5 5.Ng3 Bg6 6.h4 h6 7.Nf3 Nd7 8.h5 Bh7
9.Bd3 Bxd3 10.Qxd3 Qc7 11.Bd2 e6 12.0-0-0 Bd6 13.Ne4 Ngf6 14.Nxf6+ Nxf6
15.Qe2 0-0-0 16.g3 Rhe8 17.c4 Qe7 18.Ne5 Bxe5 19.dxe5 Nd7 20.f4 Qc5 21.Be3
Qa5 22.a3 f6 23.exf6 gxf6 24.g4 f5 25.g5 e5 26.Qc2 exf4 27.Bxf4 Re4 28.Bd2
Qc5 29.gxh6 Rh8 30.Kb1 Rxc4 31.Bc3 Rxh6 32.Qd2 Rh7 33.h6 Qd5 34.Qxd5 cxd5
35.Rxd5 Rc5 36.Rd6 Rc6 37.Rxc6+ bxc6 38.Bg7 Nc5 39.Rc1 Ne6 40.Rxc6+ Kd7
41.Ra6 Nxg7 42.hxg7 Rh1+ 43.Kc2 Rg1 44.Kd3 Ke7 45.Kd4 Kf7 46.Rxa7+ Kf6 47.b4
Rg4+ 48.Kd5 Rg1 49.b5 Rd1+ 50.Kc5 Rc1+ 51.Kb4 Rc8 52.b6 f4 53.b7 Rb8 54.g8Q
Rxg8 55.Ra8 1-0

[Event "Deutsche Einzelmeisterschaft 1997"] 
[Site "Gladenbach"]
[Date "1997.11.23"]
[Round "7"]
[White "Schwing,H"]
[Black "Oswald,H"]
[Result "1-0"] 
[WhiteElo "2315"]
[BlackElo "2330"]

1.d4 Nf6 2.c4 c5 3.d5 b5 4.Nf3 g6 5.Nbd2 Bg7 6.e4 d6 7.cxb5 a6 8.bxa6 Qa5
9.Bd3 Bxa6 10.Qe2 0-0 11.0-0 Bxd3 12.Qxd3 Na6 13.a3 Rfb8 14.Rb1 Qb5 15.Nc4
Nc7 16.Rd1 Qb3 17.Qxb3 Rxb3 18.Nfd2 Rb7 19.b3 Nb5 20.Bb2 Nd7 21.a4 Nc3
22.Bxc3 Bxc3 23.Rbc1 Bg7 24.g3 Rb4 25.Re1 g5 26.h3 Ra6 27.Kg2 h6 28.Re3 Bd4
29.Rd3 Kh7 30.Re1 Kg7 31.f4 Nb6 32.Re2 Nxc4 33.Nxc4 Rxc4 34.bxc4 Rxa4 35.Rc2
Ra1 36.fxg5 hxg5 37.Rdd2 Kf6 38.Kf3 Rf1+ 39.Kg4 Kg6 40.Re2 Rh1 41.h4 gxh4
42.gxh4 Bf6 43.Rh2 Re1 44.h5+ Kh6 45.Kf3 Be5 46.Rh3 Bd4 47.Rh4 Bf6 48.Rg4
Rh1 49.Rgg2 Rh3+ 50.Rg3 Rh1 51.Ra2 Rc1 52.Ra4 Be5 53.Rg8 Rc3+ 54.Ke2 Kxh5
55.Ra1 Rc2+ 56.Kd3 Bxa1 57.Kxc2 Kh6 58.Kb3 Kh7 59.Rg2 e6 60.dxe6 fxe6 61.Ka4
1-0

[Event "Deutsche Einzelmeisterschaft 1997"] 
[Site "Gladenbach"]  
[Date "1997.11.23"] 
[Round "7"]
[White "Dittmar,P"]
[Black "Lampe,D"]
[Result "1-0"] 
[WhiteElo "2325"]
[BlackElo "2295"]

1.d4 Nf6 2.c4 g6 3.Nc3 Bg7 4.Nf3 d6 5.e4 0-0 6.h3 e5 7.dxe5 dxe5 8.Qxd8 Rxd8
9.Bg5 Re8 10.Nd5 Nxd5 11.cxd5 c6 12.Bc4 cxd5 13.Bxd5 Nd7 14.0-0 Nf6 15.Bxf6
Bxf6 16.Rfc1 Bd8 17.Rc2 Rb8 18.Rd1 Kg7 19.Rd3 f6 20.Nd2 Re7 21.Nc4 Bc7
22.Ra3 a6 23.Nd2 Bb6 24.Rb3 Ba5 25.Nc4 Bc7 26.Nb6 Bxb6 27.Rxb6 f5 28.f3 Kf8
29.Rc3 Bd7 30.Rc7 Bc8 31.Rf6+ Ke8 32.Rxe7+ Kxe7 33.Rf7+ Kd8 34.Rxh7 b5
35.Rg7 Rb6 36.b4 Rd6 37.Kh2 f4 38.h4 Bd7 39.a3 Bc6 40.Bxc6 Rxc6 41.Ra7 Rd6
42.Kh3 Rc6 43.Rg7 Rc3 44.Rxg6 Rxa3 45.h5 1-0

[Event "Deutsche Einzelmeisterschaft 1997"] 
[Site "Gladenbach"]
[Date "1997.11.23"] 
[Round "7"]
[White "Dobierzin,O"]
[Black "Bastian,H"] 
[Result "0-1"] 
[WhiteElo "2180"]
[BlackElo "2375"]

1.e4 c5 2.Nf3 a6 3.c4 d6 4.Nc3 Nf6 5.d4 cxd4 6.Nxd4 e6 7.Be2 Be7 8.0-0 0-0
9.Be3 Nbd7 10.Rc1 Qc7 11.f4 b6 12.Bf3 Bb7 13.Nde2 Rfe8 14.Ng3 Rad8 15.b3 Qb8
16.Qe2 Nc5 17.Rfd1 Bc6 18.b4 Na4 19.b5 Nxc3 20.Rxc3 axb5 21.cxb5 Ba8 22.Qf2
Nd7 23.Nf1 Qa7 24.Qc2 Qa5 25.Qb3 Nc5 26.Bxc5 dxc5 27.Rcd3 Rd4 28.Rxd4 cxd4
29.Nd2 Rc8 30.Nc4 Qa7 31.Kf1 Qc7 32.Ne5 Bf6 33.Nd3 Qd7 34.Rc1 Rc3 35.Rxc3
dxc3 36.Qc4 Bd4 37.Ke2 g6 38.e5 Bxf3+ 39.gxf3 Kg7 40.Nc1 Bxe5 41.Nd3 Bf6
42.a4 Qd6 43.Qc6 Qa3 44.Qc4 Qa1 45.Qb3 Qg1 46.Qd1 Qxh2+ 47.Ke3 Qa2 48.Nb4
Qc4 0-1

[Event "Deutsche Einzelmeisterschaft 1997"] 
[Site "Gladenbach"]  
[Date "1997.11.24"] 
[Round "8"]
[White "Schmittdiel,E"]
[Black "Wahls,M"] 
[Result "0-1"] 
[WhiteElo "2450"]
[BlackElo "2595"]

1.e4 d5 2.exd5 Qxd5 3.Nc3 Qa5 4.g3 g6 5.Bg2 Bg7 6.d4 Nf6 7.Nf3 Ne4 8.0-0
Nxc3 9.Qd2 Nc6 10.Qxc3 Qxc3 11.bxc3 Bf5 12.Ne1 Na5 13.Nd3 0-0-0 14.Rb1 b6
15.Re1 Rhe8 16.h3 Bd7 17.Ne5 Be6 18.a4 Bxe5 19.Rxe5 Nc4 20.Re1 Bd5 21.Bf1
Na5 22.h4 f6 23.Bb5 Bc6 24.Bf4 Bxb5 25.axb5 Rd5 26.Rb4 c6 27.bxc6 Nxc6
28.Rbb1 Na5 29.Ra1 Kd7 30.c4 Rxd4 31.c5 Rc4 32.cxb6 axb6 33.Reb1 Rc6 34.Bd2
Nc4 35.Bb4 Rec8 36.Re1 Ne5 37.Red1+ Ke8 38.c3 R8c7 39.f4 Nc4 40.Re1 Kf7
41.Ra8 Re6 42.Rd1 Re2 43.Rdd8 Ne3 0-1

[Event "Deutsche Einzelmeisterschaft 1997"] 
[Site "Gladenbach"]  
[Date "1997.11.24"] 
[Round "8"]
[White "Lutz,C"]
[Black "Heinemann,T"]
[Result "1-0"] 
[WhiteElo "2590"]
[BlackElo "2450"]

1.e4 c5 2.Nf3 d6 3.d4 cxd4 4.Nxd4 Nf6 5.Nc3 a6 6.Be2 e5 7.Nb3 Be7 8.0-0 0-0
9.Kh1 Be6 10.f4 exf4 11.Bxf4 Nc6 12.Qe1 Ne8 13.Nd5 Bxd5 14.exd5 Ne5 15.Qd2
Nf6 16.c4 Nfd7 17.Nd4 g6 18.Rac1 Bf6 19.b4 Qe7 20.Nb3 b6 21.c5 bxc5 22.bxc5
Nxc5 23.Nxc5 dxc5 24.d6 Qa7 25.Be3 Nd7 26.Bc4 Rae8 27.Bb3 Qb6 28.Ba4 Rxe3
29.Qxe3 Bd4 30.Qe7 Ne5 31.Bb3 Qb5 32.Rce1 c4 33.Bc2 Qc5 34.h3 a5 35.Re4 Bc3
36.Re2 Nc6 37.Qc7 Bb4 38.d7 Nd4 39.d8Q Nxe2 40.Qxf7+ Kh8 41.Qdf6# 1-0

[Event "Deutsche Einzelmeisterschaft 1997"] 
[Site "Gladenbach"]  
[Date "1997.11.24"] 
[Round "8"]
[White "Gutman,L"]
[Black "Mueller,K"] 
[Result "0-1"] 
[WhiteElo "2475"]
[BlackElo "2505"]

1.d4 d5 2.c4 c6 3.Nf3 Nf6 4.Nc3 e6 5.Bg5 dxc4 6.a4 Bb4 7.e4 h6 8.Bxf6 Qxf6
9.Bxc4 0-0 10.0-0 Nd7 11.e5 Qe7 12.a5 b5 13.Bd3 a6 14.Qe2 Rd8 15.Na2 Bxa5
16.Nc1 Bb6 17.Be4 Bb7 18.Nd3 a5 19.Rfc1 Rac8 20.b3 Ba8 21.b4 axb4 22.Qb2 c5
23.Bxa8 Rxa8 24.Rxa8 Rxa8 25.dxc5 Nxc5 26.Qxb4 Qa7 27.Nxc5 Bxc5 28.Qxb5
Bxf2+ 29.Kh1 Qb6 30.Qc4 Qb2 31.Qf1 Be3 32.Re1 Qc3 33.Rd1 Rc8 34.Rd7 Qc4
35.Qe1 Qa4 36.Rd1 Qc2 37.Rd7 Bf2 38.Qf1 Qb2 39.Rd1 Be3 40.Re1 Rc1 41.Rxc1
Bxc1 42.Qc4 Be3 43.h4 Qb1+ 44.Kh2 Qf5 45.Qe2 Qe4 46.Qb5 Bf4+ 47.Kh1 g5
48.Qe8+ Kg7 49.Qd8 Qb1+ 50.Ng1 Be3 0-1

[Event "Deutsche Einzelmeisterschaft 1997"] 
[Site "Gladenbach"]
[Date "1997.11.24"] 
[Round "8"]
[White "Maiwald,J"]
[Black "Bischoff,K"]
[Result "0-1"] 
[WhiteElo "2450"]
[BlackElo "2535"]

1.e4 c5 2.Nf3 d6 3.c3 Nf6 4.Be2 Nbd7 5.d3 b6 6.0-0 Bb7 7.Nbd2 e6 8.Re1 Be7
9.Bf1 0-0 10.d4 cxd4 11.cxd4 Rc8 12.Bd3 Rc7 13.b3 Qa8 14.Ba3 Rfc8 15.Qe2 Nf8
16.Bb2 h6 17.Rab1 d5 18.e5 N6d7 19.Nf1 a5 20.Rbc1 Nb8 21.Qe3 a4 22.Rxc7 Rxc7
23.Rc1 Rxc1 24.Qxc1 Ba6 25.Bb1 axb3 26.axb3 Nc6 27.Ne3 Bb5 28.Ne1 Na5 29.Qc3
Qc6 30.Bc2 Qxc3 31.Bxc3 Nd7 32.Nf1 Nb8 33.Nd2 Nbc6 34.f4 Nb4 35.Bb1 Be2
36.Nc2 Nd3 37.g3 Nc6 38.Ne3 b5 39.Bxd3 Bxd3 40.Kf2 b4 41.Bb2 Bd8 42.Ng2 Bb6
43.Ne1 Bf5 44.Ke3 f6 45.Nd3 fxe5 46.fxe5 Kf7 47.Nf3 g5 48.Nfe1 Bd8 49.Nc2
Be7 50.Bc1 Na5 51.Bd2 Nxb3 52.Bxb4 Bd8 53.Na3 Na5 54.Nc5 Nc6 55.Bc3 Be7
56.Nb5 Nxe5 57.dxe5 Bxc5+ 58.Bd4 Bb4 59.Bc3 Bc5+ 60.Bd4 Be7 61.Nd6+ Kg6
62.Bc5 g4 63.Ke2 Bc2 64.Kd2 Ba4 65.Kd3 h5 66.Kd2 Bc6 67.Kd3 Bd8 68.Bd4 Bc7
69.Bc5 Ba4 70.Ke3 Bb3 71.Nb5 Bxe5 72.Nd4 Bc4 73.Nxe6 h4 74.Bd4 Bb8 75.Nf4+
Kf5 76.Nh5 Bb3 77.Ng7+ Kg6 78.Kf2 h3 79.Kg1 Ba4 80.Ne6 Kf5 81.Nc5 Bb5 82.Kf2
Bc7 83.Nb3 Bc4 84.Nc5 Ba5 85.Nd7 Ke4 86.Bg7 Bb4 87.Nf6+ Kf5 88.Ne8 Bc5+
89.Ke1 Ke4 0-1